| 000 | 00584nam a2200193 i 4500 | ||
|---|---|---|---|
| 001 | 81672 | ||
| 003 | ES-MaACL | ||
| 005 | 20250812024130.0 | ||
| 007 | t| | ||
| 008 | 041105s1965 sp af |||| | spa d | ||
| 100 | 1 |
_aHuyghe, René. _964866 |
|
| 245 | 1 | 3 |
_aEl arte y el hombre / _cRené Huyghe ; [traducción, Luis Monreal y Tejada]. |
| 260 |
_aBarcelona : _bPlaneta, _c[1965] |
||
| 300 |
_a3 v., 43 lám. : _bil. ; _c30 cm. |
||
| 650 | 0 | 4 |
_aArte- _vHistoria _910107 |
| 700 | 1 |
_aMonreal y Tejada, Luis. _982276 |
|
| 852 |
_aES-MaACL _jC-33385-87 |
||
| 999 |
_c81672 _d81672 |
||